| 000 | 01000nam a22002897a 4500 | ||
|---|---|---|---|
| 001 | 5381 | ||
| 003 | FISKH | ||
| 005 | 20250122154234.0 | ||
| 008 | 241129b cb ||||| |||| 00| 0 eng d | ||
| 020 | _a9780590255189 | ||
| 040 |
_aFISKH _beng _cFISKH _dFISKH |
||
| 050 | _aE176.G65 | ||
| 082 | _a973.099 | ||
| 100 | _aGormley, Beatrice | ||
| 245 |
_aFirst ladies : _bWomen who called the White House Home / _cby Beatrice Gormley |
||
| 250 | _aFirst trade edition, March 2004 | ||
| 260 |
_aNew York : _bScholastic , _c1997 . |
||
| 300 |
_a111 pages : _billustrations ; _c26 cm . |
||
| 505 | _aZ | ||
| 520 | _aBrief biographies of wives, sisters, daughters, nieces, and other relatives of Presidents who have served as White House hostesses, from Martha Washington to Laura Bush. | ||
| 521 | 8 |
_a1130
_bLexile |
|
| 521 | 8 |
_aZ
_bRaz-Plus |
|
| 650 |
_aSource of interesting facts _vNon-fiction |
||
| 650 |
_awomen in history _vNon-fiction |
||
| 942 |
_2ddc _cBK _n0 |
||
| 999 |
_c5381 _d5381 |
||